All Kendrick Lamar Mixtapes - Statistics

General Stats
  • This quiz has been taken 7 times
  • The average score is 3 of 5
Answer Stats
Release Date Mixtape % Correct
January 30, 2009 C4
100%
September 14, 2010 Overly Dedicated
100%
December 24, 2007 No Sleep 'Til NYC
50%
April 15, 2003 Youngest Head N**** in Charge
50%
February 16, 2007 Training Day
25%
No matching quizzes found
Score Distribution
Percent of People with Each Score
Percentile by Number Answered
Your Score History
You have not taken this quiz